Объект уголовно-правовых отношений (Запись № 1697356)

Подробности
000 -МАРКЕР
контрольное поле 01548nam0a2200349 4500
001 - ИДЕНТИФИКАТОР ЗАПИСИ
контрольное поле RU\NLR\bibl\596440
005 - ИДЕНТИФИКАТОР ВЕРСИИ
контрольное поле 20241119020121.0
020 ## - НОМЕР ДОКУМЕНТА В НАЦИОНАЛЬНОЙ БИБЛИОГРАФИИ
Код страны российская федерация
Номер 04-08703
Основное заглавие издания Российской книжной палаты Летопись авторефератов диссертаций
021 ## - НОМЕР ГОСУДАРСТВЕННОЙ РЕГИСТРАЦИИ
Код страны российская федерация
Номер 2004-7910а
Номер Листа государственной регистраци 317а
035 ## - ДРУГИЕ СИСТЕМНЫЕ НОМЕРА
Идентификатор записи (NLR Aleph) 000588398
100 ## - ДАННЫЕ ОБЩЕЙ ОБРАБОТКИ
Данные общей обработки 20041110d2004 u u0rusy50 ca
101 0# - ЯЗЫК РЕСУРСА
Язык текста, звукозаписи и т.д. русский
102 ## - СТРАНА ПУБЛИКАЦИИ ИЛИ ПРОИЗВОДСТВА
Страна публикации российская федерация
105 ## - ПОЛЕ КОДИРОВАННЫХ ДАННЫХ: ТЕКСТОВЫЕ МАТЕРИАЛЫ, МОНОГРАФИЧЕСКИЕ
Кодированные данные о монографическом текстовом документе y dm |||||
200 1# - ЗАГЛАВИЕ И СВЕДЕНИЯ ОБ ОТВЕТСТВЕННОСТИ
Основное заглавие Объект уголовно-правовых отношений
Сведения, относящиеся к заглавию (теорет. и правопримен. аспект)
-- Автореф. дис. на соиск. учен. степ. к.ю.н.
-- Спец. 12.00.08
Первые сведения об ответственности Хун Аслан Заурканович
Последующие сведения об ответственности [Рос. юрид. ин-т МВД России]
210 ## - ПУБЛИКАЦИЯ, РАСПРОСТРАНЕНИЕ И ДР.
Место издания, распространения и т.д. Ростов н/Д
Дата издания, распространения и т.д. 2004
215 ## - ФИЗИЧЕСКАЯ ХАРАКТЕРИСТИКА
Специфическое обозначение материала и объем 24 с.
Размеры 21
320 ## - ПРИМЕЧАНИЯ О НАЛИЧИИ В ДОКУМЕНТЕ БИБЛИОГРАФИИ / УКАЗАТЕЛЯ
Текст примечания Библиогр.: с. 24 (6 назв.)
610 0# - НЕКОНТРОЛИРУЕМЫЕ ПРЕДМЕТНЫЕ ТЕРМИНЫ
Предметный термин Юридические науки
675 ## - УНИВЕРСАЛЬНАЯ ДЕСЯТИЧНАЯ КЛАССИФИКАЦИЯ (UDC/УДК)
Индекс 343.2/.3
Издание 3
Язык издания rus
686 ## - ИНДЕКСЫ ДРУГИХ КЛАССИФИКАЦИЙ
Индекс 10.77
Код системы
686 ## - ИНДЕКСЫ ДРУГИХ КЛАССИФИКАЦИЙ
Индекс 67.408
Код системы
686 ## - ИНДЕКСЫ ДРУГИХ КЛАССИФИКАЦИЙ
Индекс 12.00.08
Код системы
700 #1 - ИМЯ ЛИЦА - ПЕРВИЧНАЯ ОТВЕТСТВЕННОСТЬ
Начальный элемент ввода Хун
Часть имени, кроме начального элемента ввода А. З.
Расширение инициалов личного имени Аслан Заурканович
Код отношения Автор
801 #0 - ИСТОЧНИК ЗАПИСИ
Страна российская федерация
Организация RKP
Дата составления 20041110
Правила каталогизации PSBO
801 #1 - ИСТОЧНИК ЗАПИСИ
Страна российская федерация
Организация RKP
Дата составления 20041110
801 #2 - ИСТОЧНИК ЗАПИСИ
Страна российская федерация
Организация NLR
Дата составления 20050408
Правила каталогизации rcr
942 ## - ДОПОЛНИТЕЛЬНЫЕ ЭЛЕМЕНТЫ ЗАПИСИ (АБИС)
Тип экземпляра АБИС Книга
981 10 - КОЛЛЕКЦИЯ ЭЛЕКТРОННОЙ БИБЛИОТЕКИ
Название коллекции Авторефераты
Название подколлекции
--

Нет доступных экземпляров.